Arogantní zásahy i předpovědi neúspěchy hospodářské politiky

Názory Keynesovej ekonomickej teórie a nových teórií k pohybu miery úspor v ekonomikách. Dlhodobá stagnácia miery úspor podľa teórie M. Friedmana. Meranie ľudského bohatstva pomocou tzv. permanentného dôchodku. Vzťah stagnácie miery úspor a permanentného dôchodku. Ťažko predpovedateľné krátkodobé po...

Descrizione completa

Salvato in:
Dettagli Bibliografici
Autore principale: Malý, Jiří
Natura: Capitolo di libro
Lingua:ceco
Soggetti:
Tags: Aggiungi Tag
Nessun Tag, puoi essere il primo ad aggiungerne!!

MARC

LEADER 00000naa a2200000 4500
001 r035761
005 20230920095952.2
041 0 |a cze 
044 |a CZ 
245 1 0 |a Arogantní zásahy i předpovědi  |b neúspěchy hospodářské politiky  |c Jiří Malý 
520 |a Názory Keynesovej ekonomickej teórie a nových teórií k pohybu miery úspor v ekonomikách. Dlhodobá stagnácia miery úspor podľa teórie M. Friedmana. Meranie ľudského bohatstva pomocou tzv. permanentného dôchodku. Vzťah stagnácie miery úspor a permanentného dôchodku. Ťažko predpovedateľné krátkodobé pohyby miery úspor. 
610 2 0 |a teórie ekonomické 
610 2 0 |a miera úspor 
610 2 0 |a prognózovanie 
610 2 0 |a dôchodky 
610 2 0 |a spotreba osobná 
610 2 0 |a Keynes, J.M. 
610 2 0 |a Friedman, M. 
610 2 0 |a politika hospodárska 
100 1 |a Malý, Jiří